000 00883cam a2200169 4500
001 6957
020 _a0198604130
100 1 _aBillingham, Jo.
245 1 0 _aEditing and revising text /
_cJo Billingham ; cartoons by Beatrice Baumgartner-Cohen.
260 _aOxford, UK ;
_aNew York :
_bOxford University Press,
_c2002.
300 _a136 p. :
_bill. ;
_c21 cm.
440 0 _aOne step ahead
504 _aIncludes bibliographical references (p. 132-134) and index.
505 _aCONTENTS: What is editing? -- The different editing circumstances -- Readers and aims -- Style guides -- First steps -- Editing the content -- Achieving structural flow - - Achieving linguistic flow -- Editing style and tone -- Accuracy -- Brevity -- Clarity -- Beyond ABC -- How technology can help you -- part B contents -- Index.
_g
_r
_t
650 0 _aEditing.
999 _c5893
_d5893